| 000 | 01243nam a2200301 i 4500 | ||
|---|---|---|---|
| 001 | bg | ||
| 100 | 1 | _aRICART, Manuel Alberto | |
| 245 | 1 | 0 |
_aLinux / _cManuel Alberto Ricart ; przeł. Maciej Miechowicz. |
| 246 |
_iTyt. oryg.: _aThe complete idiot's guide to Linux |
||
| 250 | _aWyd. 1 (dodr.). | ||
| 260 |
_aPoznań : _bDom Wydawniczy "Rebis", _c2002. |
||
| 300 |
_aXVII, [3], 362, [1] s. : _bil. ; _c23 cm + _eCD ROM. |
||
| 490 | 1 | _aDla Żółtodziobów : czyli wszystko, co powinieneś wiedzieć o... | |
| 500 | _aTyt. oryg.: "The complete idiot's guide to Linux" 1999. Na okł. podtyt.: szybkie i łatwe metody poznania Linuxa, przejrzyste wskazówki, jak zainstalować i skonfigurować Linuxa, posługiwać się graficznym interfejsem X Windows za pośrednictwem KDE i podłączyć system do Internetu, rzeczowe porady dotyczące najczęstszych pułapek systemu. | ||
| 504 | _aIndeks. | ||
| 650 | 9 | _aLinux | |
| 655 | _aPodręczniki | ||
| 700 | 1 |
_aMIECHOWICZ, Maciej. _eTł. |
|
| 830 | 0 | _aDla Żółtodziobów | |
| 015 | _aPB 9545/2002 | ||
| 020 | _a8371208766 | ||
| 040 | _cBPK | ||
| 041 | 1 |
_apol _heng |
|
| 080 | _a004.451(07) | ||
| 920 | _a83-7120-876-6 | ||
| 942 | _cKS | ||
| 008 | s pl f |000 0 pol | ||
| 999 |
_c46108 _d46108 |
||